[Event "AUTO-INT-3803"]
[Site "http://www.queenalice.com/game.php?id=1806689"]
[Date "2023.2.23"]
[Round "1"]
[White "ernestodn"]
[Black "Bomboche"]
[Result "1-0"]
[WhiteElo "1641"]
[BlackElo "1141"]

1. e4 e5 2. Nf3 Nc6 3. Bb5 Qf6 4. Nc3 Bc5 5. O-O Nge7 6. d3 d6 7. Bg5 Qg6 8.
Bxe7 Bh3 9. Ng5 Kxe7 10. Nxh3 Nd4 11. Bc4 Rhf8 12. Kh1 f5 13. Nd5+ Kd7 14. b4
fxe4 15. bxc5 b5 16. Bb3 exd3 17. cxd3 Nf5 18. cxd6 Nh4 19. g3 Qxd6 20. gxh4 c6
21. Ne3 Qh6 22. Qg4+ Kc7 23. Ng5 c5 24. Ne6+ Kd7 25. Nxf8+ Ke7 26. Qd7+ Kxf8 27.
Qf7# 1-0

[Event "AUTO-INT-3803"]
[Site "http://www.queenalice.com/game.php?id=1806694"]
[Date "2023.2.23"]
[Round "1"]
[White "JailtonMaster"]
[Black "ernestodn"]
[Result "1-0"]
[WhiteElo "1565"]
[BlackElo "1516"]

1. e4 c5 2. Nf3 Nc6 3. d4 cxd4 4. Nxd4 g6 5. Nc3 Bg7 6. Be3 Nf6 7. f3 O-O 8. Qd2
d5 9. exd5 Nxd5 10. Nxd5 Qxd5 11. c4 Qd7 12. O-O-O e5 13. Nxc6 Qxc6 14. Kb1 Be6
15. b3 1-0

[Event "AUTO-INT-3803"]
[Site "http://www.queenalice.com/game.php?id=1806695"]
[Date "2023.2.23"]
[Round "1"]
[White "ernestodn"]
[Black "JailtonMaster"]
[Result "0-1"]
[WhiteElo "1489"]
[BlackElo "1592"]

1. e4 c5 2. Nf3 d6 3. d4 cxd4 4. Nxd4 Nf6 5. Nc3 a6 6. f4 e6 7. Be2 Nbd7 8. O-O
Qb6 9. Kh1 Be7 10. Bf3 O-O 11. a4 e5 12. Nb3 exf4 13. Bxf4 Ne5 14. Bxe5 dxe5 15.
Qe2 Be6 0-1

[Event "AUTO-OPEN-4426"]
[Site "http://www.queenalice.com/game.php?id=1806739"]
[Date "2023.2.24"]
[Round "1"]
[White "askasl159"]
[Black "ernestodn"]
[Result "1-0"]
[WhiteElo "1728"]
[BlackElo "1477"]

1. e4 c5 2. b4 cxb4 3. a3 d5 4. e5 e6 5. axb4 b5 6. Bxb5+ Bd7 7. Qe2 Ne7 8. Nf3
Nec6 9. d4 Bxb4+ 10. Bd2 O-O 11. O-O Bxd2 12. Qxd2 Qb6 13. Bxc6 Nxc6 14. Nc3 f6
15. Rfb1 Qc7 16. Nb5 Qd8 17. Nd6 fxe5 18. dxe5 Ne7 19. Rb7 Nc8 20. Nxc8 Qxc8 21.
Rab1 a5 22. Nd4 a4 23. R7b4 Qc5 24. c4 dxc4 25. Nf3 Bc6 26. Qc3 Bd5 27. Rb5 1-0

[Event "AUTO-OPEN-4426"]
[Site "http://www.queenalice.com/game.php?id=1806740"]
[Date "2023.2.24"]
[Round "1"]
[White "ernestodn"]
[Black "askasl159"]
[Result "0-1"]
[WhiteElo "1662"]
[BlackElo "1627"]

1. e4 e5 2. Nf3 Nc6 3. Bb5 Nge7 4. Nc3 g6 5. O-O Bg7 6. d3 a6 7. Ba4 O-O 8. Bg5
b5 9. Bb3 h6 10. Bxe7 Nxe7 11. d4 exd4 12. Nxd4 c5 13. Nf3 c4 0-1

[Event "AUTO-OPEN-4426"]
[Site "http://www.queenalice.com/game.php?id=1806755"]
[Date "2023.2.24"]
[Round "1"]
[White "game"]
[Black "ernestodn"]
[Result "0-1"]
[WhiteElo "1409"]
[BlackElo "1643"]

1. e4 c5 2. Nc3 Nc6 3. Bc4 e6 4. d3 g6 5. Bd2 Bg7 6. Nb5 d6 7. Bf4 e5 8. Be3
Nge7 9. Qf3 O-O 10. Bg5 a6 11. Nc3 Qc7 12. Nd5 Nxd5 13. exd5 Nd4 14. Qd1 b5 15.
c3 bxc4 16. cxd4 cxd4 17. Ne2 Qa5+ 18. Qd2 Qxd5 19. Be7 Re8 20. Bg5 Bf5 21. Rd1
cxd3 22. Ng3 e4 23. Nxf5 Qxf5 24. h4 e3 25. Qxd3 Qxf2# 0-1

[Event "AUTO-OPEN-4426"]
[Site "http://www.queenalice.com/game.php?id=1806756"]
[Date "2023.2.24"]
[Round "1"]
[White "ernestodn"]
[Black "game"]
[Result "0-1"]
[WhiteElo "1555"]
[BlackElo "1365"]

1. e4 e5 2. Nf3 Bb4 3. Bc4 Nf6 4. O-O O-O 5. d3 d5 6. exd5 Bc5 7. Nxe5 Re8 8.
Re1 Bb4 9. Bd2 Nxd5 10. Bxd5 Bc5 11. Bxf7+ Kf8 12. Bxe8 Qf6 13. Qf3 Kxe8 14.
Qxf6 gxf6 15. Nc4+ Kf7 16. Nc3 Bf5 17. Nd5 Nc6 18. Nxc7 Rc8 19. Nd5 Ne5 20.
Nxe5+ fxe5 21. Rxe5 Kg6 22. Ne7+ Kf6 23. Nxc8 Kxe5 24. Be3 Bb4 25. c3 Bf8 26.
Nxa7 Bxd3 27. Rd1 Ke4 28. b4 b5 29. Rxd3 Kxd3 30. Nxb5 Ke2 31. a4 h5 32. a5 Be7
33. a6 Ke1 34. a7 Bh4 35. a8=Q Bxf2+ 36. Bxf2+ Ke2 37. Qd5 h4 38. Qe4+ Kd2 39.
Nd4 Kxc3 0-1

[Event "AUTO-ADV-4680"]
[Site "http://www.queenalice.com/game.php?id=1806843"]
[Date "2023.2.27"]
[Round "1"]
[White "MMA34"]
[Black "ernestodn"]
[Result "1-0"]
[WhiteElo "1798"]
[BlackElo "1690"]

1. d4 Nf6 2. c3 g6 3. Nf3 Bg7 4. Bf4 O-O 5. e3 d6 6. Be2 c5 7. O-O b5 8. Bxb5
Qb6 9. Qb3 a6 10. Ba4 Qxb3 11. Bxb3 a5 12. Nbd2 Nbd7 13. h3 a4 14. Bc2 Nd5 15.
Bg3 cxd4 16. exd4 Re8 17. Rfe1 f5 18. Bxd6 Bf6 19. Be5 Bb7 20. Bxf6 N7xf6 21. c4
Nf4 22. d5 a3 23. b3 1-0

[Event "AUTO-ADV-4680"]
[Site "http://www.queenalice.com/game.php?id=1806844"]
[Date "2023.2.27"]
[Round "1"]
[White "ernestodn"]
[Black "MMA34"]
[Result "0-1"]
[WhiteElo "1593"]
[BlackElo "1779"]

1. e4 c5 2. Nf3 d6 3. d4 cxd4 4. Nxd4 Nc6 5. Nc3 Nf6 6. Bg5 e6 7. Bb5 Bd7 8. O-O
a6 9. Bxc6 bxc6 10. f4 Be7 11. Qf3 h6 12. Bxf6 Bxf6 13. Rad1 c5 14. Nde2 O-O 15.
Rxd6 Qc7 16. Rdd1 g6 17. e5 Bg7 18. Ng3 Bc6 19. Qe3 Qe7 20. Nge4 Rfd8 21. Nd6 c4
22. Qc5 Be8 23. Qxc4 Bd7 24. Rd3 Bf8 0-1

[Event "AUTO-ADV-4680"]
[Site "http://www.queenalice.com/game.php?id=1806855"]
[Date "2023.2.27"]
[Round "1"]
[White "JailtonMaster"]
[Black "ernestodn"]
[Result "1-0"]
[WhiteElo "1579"]
[BlackElo "1502"]

1. e4 c5 2. Nf3 Nc6 3. d4 cxd4 4. Nxd4 g6 5. Be3 Bg7 6. Nc3 Nf6 7. f3 O-O 8. Qd2
d5 9. exd5 Nxd5 10. Nxd5 Qxd5 11. c4 Qd6 12. Rd1 e5 13. Nxc6 1-0

[Event "AUTO-ADV-4680"]
[Site "http://www.queenalice.com/game.php?id=1806856"]
[Date "2023.2.27"]
[Round "1"]
[White "ernestodn"]
[Black "JailtonMaster"]
[Result "0-1"]
[WhiteElo "1531"]
[BlackElo "1550"]

1. e4 c5 2. Nf3 d6 3. d4 cxd4 4. Nxd4 Nf6 5. Nc3 a6 6. Bc4 Nc6 7. O-O e5 8. Nxc6
bxc6 9. f4 Ng4 10. f5 Qb6+ 11. Kh1 Nf2+ 12. Rxf2 Qxf2 0-1

[Event "AUTO-ADV-4680"]
[Site "http://www.queenalice.com/game.php?id=1806861"]
[Date "2023.2.27"]
[Round "1"]
[White "SamuraiJOM"]
[Black "ernestodn"]
[Result "1-0"]
[WhiteElo "1777"]
[BlackElo "1659"]

1. e4 c5 2. Bc4 Nc6 3. a4 e6 4. c3 Nge7 5. d3 g6 6. Bg5 Bg7 7. Nf3 O-O 8. d4 f6
9. Be3 cxd4 10. cxd4 d5 11. Nc3 dxc4 12. O-O Na5 13. Nd2 Nec6 14. b3 cxb3 15.
Nxb3 1-0

[Event "AUTO-ADV-4680"]
[Site "http://www.queenalice.com/game.php?id=1806862"]
[Date "2023.2.27"]
[Round "1"]
[White "ernestodn"]
[Black "SamuraiJOM"]
[Result "0-1"]
[WhiteElo "1467"]
[BlackElo "1761"]

1. e4 e5 2. Nf3 Nc6 3. Bb5 h6 4. Nc3 a6 5. Ba4 Bc5 6. O-O Nf6 7. Re1 O-O 8. Bxc6
dxc6 9. Nxe5 Bd4 10. Nf3 Ng4 11. Rf1 Ba7 12. Ne2 Re8 13. d3 c5 14. h3 Nf6 15.
Re1 c6 16. Ng3 Qb6 0-1

[Event "AUTO-INT-3804"]
[Site "http://www.queenalice.com/game.php?id=1806947"]
[Date "2023.2.28"]
[Round "1"]
[White "Carlos19"]
[Black "ernestodn"]
[Result "0-1"]
[WhiteElo "1666"]
[BlackElo "1674"]

1. e4 c5 2. d4 cxd4 3. Qxd4 Nc6 4. Qc3 e6 5. Nf3 Bb4 6. Bd2 Bxc3 7. Nxc3 Nge7 8.
O-O-O O-O 9. Bb5 d5 10. exd5 exd5 11. Rhe1 Bg4 12. Bxc6 bxc6 13. h3 Bxf3 14.
gxf3 Ng6 15. b4 Qh4 16. Rh1 Qxf2 17. Rhf1 Qb6 18. Na4 Qc7 19. Nc5 Ne5 20. Bf4
Rfe8 21. Kb1 Qb6 22. a3 a5 23. Bd2 Nc4 24. Ka2 Nxd2 25. Rxd2 axb4 26. Nd7 Rxa3+
27. Kb2 Qe3 28. Rdd1 Qc3+ 29. Kc1 Ra1# 0-1

[Event "AUTO-INT-3804"]
[Site "http://www.queenalice.com/game.php?id=1806948"]
[Date "2023.2.28"]
[Round "1"]
[White "ernestodn"]
[Black "Carlos19"]
[Result "0-1"]
[WhiteElo "1613"]
[BlackElo "1675"]

1. e4 e5 2. Nf3 Nc6 3. Bb5 d6 4. Bxc6+ bxc6 5. h3 Nf6 6. d3 d5 7. O-O dxe4 8.
dxe4 Nxe4 9. Qxd8+ Kxd8 10. Nxe5 c5 11. Nxf7+ Kd7 12. Nxh8 Ba6 13. Re1 Bb7 14.
Nf7 h5 15. Nd2 Nxd2 16. Bxd2 Bd5 17. Ng5 g6 18. f4 c4 19. b3 cxb3 20. cxb3 Bg7
21. Rac1 c6 22. Bc3 Bxc3 23. Rxc3 a5 24. a3 a4 25. b4 Rb8 26. Rce3 Kd6 0-1

[Event "AUTO-INT-3804"]
[Site "http://www.queenalice.com/game.php?id=1806963"]
[Date "2023.2.28"]
[Round "1"]
[White "ernestodn"]
[Black "SGF"]
[Result "0-1"]
[WhiteElo "1584"]
[BlackElo "1638"]

1. e4 e5 2. Nf3 Qf6 3. Bc4 d6 4. Nc3 c6 5. O-O Be7 6. d4 b5 7. Bb3 a5 8. a4 b4
9. Ne2 h6 10. Ng3 Bg4 11. dxe5 dxe5 12. h3 Bxf3 13. Qxf3 Nd7 14. Rd1 Qxf3 15.
gxf3 g6 16. Bxf7+ Kxf7 17. Be3 Ngf6 18. f4 Bc5 0-1

[Event "AUTO-INT-3804"]
[Site "http://www.queenalice.com/game.php?id=1806964"]
[Date "2023.2.28"]
[Round "1"]
[White "SGF"]
[Black "ernestodn"]
[Result "1-0"]
[WhiteElo "1699"]
[BlackElo "1570"]

1. e4 c5 2. Qf3 Nc6 3. c3 g6 4. Bc4 e6 5. Na3 Bg7 6. h4 Nge7 7. h5 Ne5 8. Qe2
Qc7 9. Nb5 Qd8 10. hxg6 fxg6 11. a4 d6 12. d3 Nxc4 13. dxc4 O-O 14. Bf4 Rxf4 15.
Qe3 Rf7 16. Ne2 a6 17. Qh3 Be5 18. g4 axb5 19. cxb5 d5 20. O-O-O Rxa4 21. exd5
exd5 22. Qh4 1-0

[Event "AUTO-INT-3804"]
[Site "http://www.queenalice.com/game.php?id=1806965"]
[Date "2023.2.28"]
[Round "1"]
[White "ernestodn"]
[Black "Ruusgugg"]
[Result "0-1"]
[WhiteElo "1463"]
[BlackElo "1353"]

1. e4 d5 2. exd5 Qxd5 3. Nc3 Qe5+ 4. Be2 g5 5. d3 g4 6. f3 g3 7. Nh3 gxh2 8. d4
Qe6 9. Rxh2 Qd6 10. Rh1 Qg3+ 11. Kf1 e5 12. dxe5 Qxe5 13. Bf4 Qc5 14. Nd5 Bd6
15. Bxd6 cxd6 16. Nf2 Be6 17. Nc3 Nf6 0-1

[Event "AUTO-INT-3804"]
[Site "http://www.queenalice.com/game.php?id=1806966"]
[Date "2023.2.28"]
[Round "1"]
[White "Ruusgugg"]
[Black "ernestodn"]
[Result "1-0"]
[WhiteElo "1373"]
[BlackElo "1443"]

1. b4 Nf6 2. a4 g6 3. Bb2 Bg7 4. h3 d6 5. g4 O-O 6. g5 Nfd7 7. f4 Bxb2 8. Ra2
Bg7 9. h4 Nc6 10. b5 Na5 11. h5 e5 12. hxg6 fxg6 13. e3 exf4 14. e4 Nc5 15. Ra3
Nxe4 16. Rah3 Bxh3 17. Rxh3 Qxg5 18. Nf3 1-0